header

Career match (Record no. 215588)

MARC details
000 -LEADER
fixed length control field 01341nam a2200349 a 4500
082 04 - DEWEY DECIMAL CLASSIFICATION NUMBER
Classification number 650.14
100 1# - MAIN ENTRY--AUTHOR NAME
Personal name Zichy, Shoya.
245 10 - TITLE STATEMENT
Title Career match
260 ## - PUBLICATION, DISTRIBUTION, ETC. (IMPRINT)
Place of publication New York :
Name of publisher AMACOM, American Management Association,
Year of publication c2007.
300 ## - PHYSICAL DESCRIPTION
Number of Pages xii, 276 p. :
Other physical details ill.
650 #0 - SUBJECT ADDED ENTRY--TOPICAL TERM
Topical Term Vocational guidance.
Topical Term Personality and occupation.
700 1# - ADDED ENTRY--PERSONAL NAME
Personal name Bidou, Ann.
856 40 - ELECTRONIC LOCATION AND ACCESS
Uniform Resource Identifier http://site.ebrary.com/lib/rucke/Doc?id=10196224

No items available.

© 2026 Rongo University
Contact us: librarian | system librarian | Rongo university